000 00693cam a2200241 a 4500
001 000010030
005 20200929161817.0
008 950829s1995 sp 000 0 spa
020 _a8478391495
040 _aDO-SdBNP
_bspa
_cLC
_dBNPHU
082 _a861.64
_bR696d, 1995
100 1 _aRodríguez, Claudio.
_924986
245 1 0 _aDon de la ebriedad /
_cClaudio Rodríguez.
250 _a2a ed.
260 _aMadrid :
_bTorremozas,
_c1995.
300 _a61 p. ;
_c21 cm.
490 1 _aEl Vaso de Berceo,
_v3
650 4 _aPoesía española
_9631
650 4 _aLiteratura española
_9632
830 0 _aEl Vaso de Berceo,
_v3
_924987
910 _aCatalogación por copia / LC
049 _aBNGR
999 _c9789
_d9789